Growing Skepticism towards Transatlantic Trade and Investment Partnership in Europe – Causes and Consequences

Analýza vývoja verejnej podpory dohody TTIP (Transatlantic Trade and Investment Partnership) v Európe a identifikovanie hlavných faktorov, ktoré spôsobujú rastúcu skepsu so zmluvou. Stav TTIP rokovaní od svojho počiatku v roku 2013 po súčasnosť. Kľúčové faktory riadenia verejnej diskusie v Nemecku a...

Descrizione completa

Salvato in:
Dettagli Bibliografici
Autore principale: Dudáš, Tomáš, 1976-
Altri autori: Dudášová, Marianna
Natura: Capitolo di libro
Lingua:inglese
Soggetti:
Tags: Aggiungi Tag
Nessun Tag, puoi essere il primo ad aggiungerne!!

MARC

LEADER 00000nla a2200000 4500
001 0224051
005 20240502083557.5
041 0 |a eng 
044 |a RO 
245 1 0 |a Growing Skepticism towards Transatlantic Trade and Investment Partnership in Europe – Causes and Consequences  |c Tomáš Dudáš, Marianna Dudášová 
520 |a Analýza vývoja verejnej podpory dohody TTIP (Transatlantic Trade and Investment Partnership) v Európe a identifikovanie hlavných faktorov, ktoré spôsobujú rastúcu skepsu so zmluvou. Stav TTIP rokovaní od svojho počiatku v roku 2013 po súčasnosť. Kľúčové faktory riadenia verejnej diskusie v Nemecku a postoj zúčastnených strán k TTIP. 
610 2 0 |a dohody obchodné medzinárodné 
610 2 0 |a kooperácia hospodárska medzinárodná 
610 2 0 |a Európska únia 
610 2 0 |a Nemecko 
610 2 0 |a USA 
610 2 0 |a analýzy 
610 2 0 |a diskusia 
100 1 |a Dudáš, Tomáš, 1976- 
700 1 |a Dudášová, Marianna